Statistics for Regions of California

Click here to take the quiz!

General Stats

  • This quiz has been taken 32 times
  • The average score is 4 of 6

Answer Stats

Region% Correct
Central
93%
Southern
93%
Northern
90%
Bay Area
55%
Central Coast
21%
Deserts
3%

Score Distribution

Percentile by Number Answered

Percent of People with Each Score

Your Score History

You have not taken this quiz